Assam in Indian independence (Record no. 6313)

MARC details
000 -LEADER
fixed length control field 00497cam a2200205ua 4500
001 - CONTROL NUMBER
control field 7192
005 - DATE AND TIME OF LATEST TRANSACTION
control field 20260515114152.0
008 - FIXED-LENGTH DATA ELEMENTS--GENERAL INFORMATION
fixed length control field 141203n ii |||gr||||Z||||||eng
020 ## - INTERNATIONAL STANDARD BOOK NUMBER
International Standard Book Number 8170994764
040 ## - CATALOGING SOURCE
Transcribing agency MAIN
041 ## - LANGUAGE CODE
Language code of text/sound track or separate title eng
082 ## - DEWEY DECIMAL CLASSIFICATION NUMBER
Classification number 954
100 ## - MAIN ENTRY--PERSONAL NAME
Personal name Bhattacharjee,A.,
Relator term Author.
245 1# - TITLE STATEMENT
Title Assam in Indian independence
Statement of responsibility, etc. By Arun Bhattacharjee
250 ## - EDITION STATEMENT
Edition statement 1st.
260 ## - PUBLICATION, DISTRIBUTION, ETC.
Place of publication, distribution, etc. New Delhi:
Name of publisher, distributor, etc. Mittal,
Date of publication, distribution, etc. 1993.
300 ## - PHYSICAL DESCRIPTION
Extent 157p.
653 ## - INDEX TERM--UNCONTROLLED
Uncontrolled term Assam Independence history
942 ## - ADDED ENTRY ELEMENTS (KOHA)
Koha item type Books
Holdings
Withdrawn status Lost status Damaged status Not for loan Home library Current library Shelving location Date acquired Total checkouts Full call number Barcode Date last seen Copy number Price effective from Koha item type
        Naharkatiya College Library Naharkatiya College Library General stacks 09/19/2020   954.03 | BHA 20456 09/19/2020 1 09/19/2020 Books